000 00316nam a22001337a 4500
003 SGT
020 _a978-0-323-28961-0
082 _a610.73
_bW16H
100 _aHARDING, MARIANN
245 _aWINNINGHAMS CRITICAL THINKING CASES IN NURSING
260 _aLOUIS
_bELSEVIER
_c2016
300 _a722
942 _2ddc
_cBK
999 _c16455
_d16455